Statistics for Pakistan International Airlines-Islamabad

Click here to take the quiz!

General Stats

  • This quiz has been taken 18 times
  • The average score is 18 of 31

Answer Stats

Country Airport % Correct
ChinaBeijing
93%
CanadaToronto
93%
AfghanistanKabul
86%
PakistanKarachi
86%
DenmarkCopenhagen
86%
FranceParis
86%
ItalyMilan
86%
MalaysiaKuala Lumpur
86%
NorwayOslo
86%
OmanMuscat
79%
UAEDubai
79%
Saudi ArabiaRiyadh
71%
UKLondon-Heathrow
71%
SpainBarcelona
71%
UAEAbu Dhabi
71%
QatarDoha
71%
Saudi ArabiaJeddah
71%
Saudi ArabiaMedina
64%
UKManchester
64%
PakistanLahore
64%
UKBirmingham
50%
Saudi ArabiaDammam
43%
PakistanMultan
43%
PakistanQuetta
43%
PakistanBahawalpur
29%
PakistanGilgit
21%
PakistanSukkur
14%
PakistanSkardu
14%
PakistanChitral
14%
PakistanZhob
0%
PakistanRahim Yar Khan
0%

Score Distribution

Percentile by Number Answered

Percent of People with Each Score

Your Score History

You have not taken this quiz